Welcome to CU Library Online Public Access Catalogue (OPAC)

The Law of Contract (Record no. 4536)

MARC details
000 -LEADER
fixed length control field 00405nam a22001457a 4500
005 - DATE AND TIME OF LATEST TRANSACTION
control field 20250305220517.0
008 - FIXED-LENGTH DATA ELEMENTS--GENERAL INFORMATION
fixed length control field 250305b |||||||| |||| 00| 0 eng d
020 ## - INTERNATIONAL STANDARD BOOK NUMBER
International Standard Book Number 9789988592073
050 ## - LIBRARY OF CONGRESS CALL NUMBER
Classification number KF801
Item number 2002
100 ## - MAIN ENTRY--PERSONAL NAME
Personal name Bondzi-Simpson, P. Ebow
245 ## - TITLE STATEMENT
Title The Law of Contract
Statement of responsibility, etc. Bondzi-Simpson, P. Ebow
300 ## - PHYSICAL DESCRIPTION
Extent xvii, 210 p, ;
500 ## - GENERAL NOTE
General note Includes statutes ceasing to apply
942 ## - ADDED ENTRY ELEMENTS (KOHA)
Source of classification or shelving scheme Library of Congress Classification
Koha item type Books
Suppress in OPAC No
999 ## -
-- 4536
-- 4536
Holdings
Withdrawn status Lost status Source of classification or shelving scheme Damaged status Not for loan Collection Home library Current library Shelving location Date acquired Total checkouts Full call number Barcode Date last seen Copy number Price effective from Koha item type
    Library of Congress Classification     Non-fiction Law Library (Christ Temple) Law Library (Christ Temple) General stacks 03/05/2025   KF801 BON LLCT00000369 03/05/2025 1 03/05/2025 Books
© 2023-2024 Copyright: Central University Libraries. All Rights Reserved | Created by: Mahone Tech Office